[Event "36. Copenhagen Open (Politiken Cup)"]
[Site "Elsinore"]
[Date "2014.07.23"]
[Round "4"]
[White "Holmstrom, Johan Ravnborg"]
[Black "Pallesen, Jacob"]
[Result "1/2-1/2"]
[WhiteElo "1834"]
[BlackElo "2031"]
[PlyCount "141"]
[EventDate "2014.07.21"]
[EventType "swiss"]
[EventRounds "10"]
[EventCountry "DEN"]
[Source "ChessBase"]
[SourceDate "2014.08.29"]

1. Nf3 d5 2. d4 e6 3. c4 c6 4. cxd5 exd5 5. Nc3 Bd6 6. e3 Bf5 7. Bd3 Bxd3 8.
Qxd3 Nf6 9. O-O O-O 10. a3 Nbd7 11. b4 Re8 12. b5 c5 13. dxc5 Nxc5 14. Qd1 Nce4
15. Bb2 Rc8 16. Qd3 Nc5 17. Qd1 Re7 18. g3 Bc7 19. a4 Ba5 20. Ne2 Nce4 21. Qb3
Rec7 22. Rac1 Rc4 23. Ba3 Qc7 24. h3 Bd2 25. Rcd1 Ba5 26. Rc1 Nc3 27. Nxc3 Bxc3
28. Rfd1 Qa5 29. Bb2 Bxb2 30. Qxb2 Ne4 31. Rxc4 dxc4 32. Qc2 Nc5 33. Qf5 Qc7
34. Ng5 g6 35. Qd5 c3 36. Rc1 Nxa4 37. Ne4 Qd8 38. Qe5 f6 39. Nxf6+ Kf7 40.
Nxh7 Rc5 41. Qf4+ Kg7 42. Qxa4 Kxh7 43. Qxa7 Rxb5 44. Qa1 Rc5 45. Rxc3 Rxc3 46.
Qxc3 Qd1+ 47. Kh2 Qf3 48. Qc7+ Kh6 49. Qc2 b5 50. h4 b4 51. Qb2 Kh7 52. Qxb4
Qxf2+ 53. Kh3 Qxe3 54. Qf4 Qe6+ 55. g4 Qb3+ 56. Qg3 Qb7 57. Qe3 Qd7 58. Qe4 Kg7
59. Qe5+ Kh7 60. h5 gxh5 61. Qxh5+ Kg7 62. Qg5+ Kh7 63. Kh4 Qd1 64. Qe7+ Kg6
65. Qe6+ Kg7 66. Qe5+ Kg6 67. Qf5+ Kg7 68. Qg5+ Kh7 69. Qe7+ Kg6 70. Qe8+ Kg7
71. Qe7+ 1/2-1/2

[Event "36. Copenhagen Open (Politiken Cup)"]
[Site "Elsinore"]
[Date "2014.07.23"]
[Round "4"]
[White "Hoti, Nimon"]
[Black "Percivaldi, Martin"]
[Result "0-1"]
[WhiteElo "1887"]
[BlackElo "2170"]
[PlyCount "100"]
[EventDate "2014.07.21"]
[EventType "swiss"]
[EventRounds "10"]
[EventCountry "DEN"]
[Source "ChessBase"]
[SourceDate "2014.08.29"]

1. Nf3 d5 2. g3 Bg4 3. Bg2 c6 4. O-O Nd7 5. c4 Bxf3 6. exf3 dxc4 7. Qe2 Nb6 8.
Re1 e6 9. b3 cxb3 10. axb3 Bd6 11. Bb2 Nf6 12. Nc3 O-O 13. Ne4 Be7 14. d4 Nbd5
15. Nc5 Qc7 16. f4 Rfd8 17. Qf3 g6 18. h4 Bf8 19. Bh3 Re8 20. Re5 Nd7 21. Nxd7
Qxd7 22. h5 Bg7 23. hxg6 hxg6 24. Rae1 f5 25. Bf1 Bxe5 26. Rxe5 Kf7 27. Qe2 a5
28. Qc4 Qd6 29. Qa4 b5 30. Qa1 a4 31. Qd1 Qb4 32. Qc1 Qd6 33. b4 a3 34. Bxa3
Ra4 35. g4 Rea8 36. Bb2 Rxb4 37. Ba3 Rc4 38. Qxc4 Rxa3 39. Qc1 Nf6 40. gxf5
gxf5 41. Rc5 Rf3 42. Bg2 Rxf4 43. Rxc6 Qxd4 44. Qe1 Ne4 45. Rc7+ Kf6 46. Qe3
Qd1+ 47. Kh2 Rh4+ 48. Bh3 Rxh3+ 49. Qxh3 Qd6+ 50. Kg2 Qxc7 0-1

[Event "36. Copenhagen Open (Politiken Cup)"]
[Site "Elsinore"]
[Date "2014.07.23"]
[Round "4"]
[White "Huse, Sigurd Kjelsbol"]
[Black "Bjorn, Lasse E"]
[Result "1-0"]
[WhiteElo "1675"]
[BlackElo "1910"]
[PlyCount "121"]
[EventDate "2014.07.21"]
[EventType "swiss"]
[EventRounds "10"]
[EventCountry "DEN"]
[Source "ChessBase"]
[SourceDate "2014.08.29"]

1. e4 e5 2. Nf3 Nc6 3. Bb5 a6 4. Bxc6 dxc6 5. O-O Bd6 6. d4 Bg4 7. dxe5 Bxf3 8.
Qxf3 Bxe5 9. Nc3 Qf6 10. Qxf6 Nxf6 11. Bd2 O-O-O 12. Bg5 h6 13. Bxf6 Bxf6 14.
Rad1 Rxd1 15. Rxd1 Rd8 16. Rxd8+ Kxd8 17. Nd1 Kd7 18. Kf1 c5 19. Ke2 Ke6 20.
Kd3 b5 21. c3 Ke5 22. f3 Be7 23. Ne3 c4+ 24. Ke2 c6 25. g3 g6 26. Ng4+ Ke6 27.
f4 f5 28. exf5+ gxf5 29. Ne5 Kd5 30. Kf3 a5 31. g4 fxg4+ 32. Nxg4 Bf8 33. Ne3+
Kc5 34. Ke4 b4 35. Ng4 Kb5 36. Ne5 b3 37. a4+ Kxa4 38. Nxc4 Kb5 39. Kd3 a4 40.
f5 Ka6 41. f6 Kb7 42. f7 h5 43. Ne5 c5 44. Ng6 a3 45. bxa3 c4+ 46. Kd2 Bh6+ 47.
Kd1 Kc6 48. f8=Q Bxf8 49. Nxf8 Kd5 50. Kc1 Ke4 51. Ng6 Kf5 52. Nh4+ Kg4 53. a4
Kxh4 54. a5 Kh3 55. a6 Kxh2 56. a7 h4 57. a8=Q h3 58. Qc8 Kg3 59. Qxc4 Kf2 60.
Qxb3 h2 61. Qd5 1-0

[Event "36. Copenhagen Open (Politiken Cup)"]
[Site "Elsinore"]
[Date "2014.07.23"]
[Round "4"]
[White "Hyldkrog, Lars"]
[Black "Nielsen, Leo"]
[Result "1-0"]
[WhiteElo "1963"]
[BlackElo "1737"]
[PlyCount "45"]
[EventDate "2014.07.21"]
[EventType "swiss"]
[EventRounds "10"]
[EventCountry "DEN"]
[Source "ChessBase"]
[SourceDate "2014.08.29"]

1. e4 c5 2. Nf3 Nc6 3. d4 cxd4 4. Nxd4 d6 5. Nc3 g6 6. Be3 Bg7 7. Qd2 Nf6 8. f3
O-O 9. Bc4 a6 10. g4 Ne5 11. Bb3 Qb6 12. O-O-O Qd8 13. h4 Nc6 14. h5 Nxg4 15.
fxg4 Bxg4 16. hxg6 Nxd4 17. gxf7+ Rxf7 18. Bxd4 Bxd4 19. Qxd4 e5 20. Bxf7+ Kxf7
21. Rdf1+ Kg6 22. Qe3 h5 23. Nd5 1-0

[Event "36. Copenhagen Open (Politiken Cup)"]
[Site "Elsinore"]
[Date "2014.07.23"]
[Round "4"]
[White "Jacobsen, Mikkel Manosri"]
[Black "Alle, Ambjorn"]
[Result "0-1"]
[WhiteElo "2030"]
[BlackElo "2196"]
[PlyCount "86"]
[EventDate "2014.07.21"]
[EventType "swiss"]
[EventRounds "10"]
[EventCountry "DEN"]
[Source "ChessBase"]
[SourceDate "2014.08.29"]

1. d4 d5 2. Bf4 Nf6 3. e3 c5 4. c3 Nc6 5. Nd2 Bf5 6. Qb3 Qd7 7. Ngf3 c4 8. Qd1
e6 9. Nh4 Be4 10. f3 Bg6 11. Nxg6 hxg6 12. g4 Bd6 13. Bxd6 Qxd6 14. f4 b5 15.
Bg2 Rb8 16. Qf3 Ne7 17. e4 dxe4 18. Nxe4 Nxe4 19. Qxe4 Nd5 20. f5 gxf5 21. gxf5
Rxh2 22. Rxh2 Qxh2 23. fxe6 Qg1+ 24. Bf1 Qg3+ 25. Ke2 Nf4+ 26. Kd2 Nxe6 27. Re1
Kf8 28. d5 Rd8 29. b3 cxb3 30. axb3 Qg5+ 31. Kc2 Rxd5 32. Bd3 g6 33. c4 bxc4
34. bxc4 Ra5 35. Rf1 Kg7 36. Qb7 Qg2+ 37. Qxg2 Ra2+ 38. Kc3 Rxg2 39. Be4 Rg4
40. Bd5 Nf4 41. Bb7 Kf6 42. c5 Ke7 43. Kb4 Nd3+ 0-1

[Event "36. Copenhagen Open (Politiken Cup)"]
[Site "Elsinore"]
[Date "2014.07.23"]
[Round "4"]
[White "Jacobsen, Per"]
[Black "Schjolin, John"]
[Result "1-0"]
[WhiteElo "1655"]
[BlackElo "1317"]
[PlyCount "81"]
[EventDate "2014.07.21"]
[EventType "swiss"]
[EventRounds "10"]
[EventCountry "DEN"]
[Source "ChessBase"]
[SourceDate "2014.08.29"]

1. b3 c5 2. e3 e5 3. Bb2 d6 4. Be2 Nf6 5. d4 Be6 6. dxe5 dxe5 7. Qxd8+ Kxd8 8.
Bxe5 Nbd7 9. Bb2 Bd6 10. Nf3 Ke7 11. O-O Rhe8 12. Rd1 Rad8 13. Nc3 Ne5 14. Nb5
a6 15. Nxd6 Nxf3+ 16. Bxf3 Rxd6 17. Rxd6 Kxd6 18. Bxb7 Kc7 19. Bxa6 Rd8 20. Bc3
Kb6 21. Be2 Ne4 22. Be1 Bf5 23. a4 Nd2 24. Rd1 Bxc2 25. Rxd2 Rxd2 26. Bxd2 Bxb3
27. a5+ Ka7 28. f4 Bd5 29. Bf3 Bc4 30. Kf2 Bb5 31. e4 c4 32. Ke3 Kb7 33. Kd4 f6
34. e5+ Kc7 35. e6 f5 36. Bd5 Kd8 37. Bxc4 Bc6 38. a6 Bxg2 39. a7 Kc7 40. Bd5
Bxd5 41. Kxd5 1-0

[Event "36. Copenhagen Open (Politiken Cup)"]
[Site "Elsinore"]
[Date "2014.07.23"]
[Round "4"]
[White "Jarlnaes, Erik"]
[Black "Tolba, Henri"]
[Result "1-0"]
[WhiteElo "1892"]
[BlackElo "1675"]
[PlyCount "67"]
[EventDate "2014.07.21"]
[EventType "swiss"]
[EventRounds "10"]
[EventCountry "DEN"]
[Source "ChessBase"]
[SourceDate "2014.08.29"]

1. e4 c5 2. Nf3 Nc6 3. Bb5 g6 4. O-O Bg7 5. Re1 Nd4 6. Nxd4 cxd4 7. d3 a6 8.
Bc4 e6 9. Bf4 d6 10. Nd2 g5 11. Bg3 h5 12. h3 Be5 13. Bxe5 dxe5 14. g3 Ne7 15.
a4 Ng6 16. b4 Bd7 17. a5 Qe7 18. Qb1 f5 19. exf5 exf5 20. b5 g4 21. bxa6 Bc6
22. axb7 Qxb7 23. Qxb7 Bxb7 24. Reb1 O-O-O 25. Be6+ Kc7 26. Bxf5 Nh4 27. gxh4
gxh3 28. Be4 Rhg8+ 29. Kh1 Bxe4+ 30. Nxe4 Rg4 31. Rg1 Rxh4 32. Rg7+ Rd7 33.
Rxd7+ Kxd7 34. a6 1-0

[Event "36. Copenhagen Open (Politiken Cup)"]
[Site "Elsinore"]
[Date "2014.07.23"]
[Round "4"]
[White "Jensen, Ib"]
[Black "Markussen, Benno Orvad"]
[Result "1/2-1/2"]
[WhiteElo "1982"]
[BlackElo "1732"]
[PlyCount "122"]
[EventDate "2014.07.21"]
[EventType "swiss"]
[EventRounds "10"]
[EventCountry "DEN"]
[Source "ChessBase"]
[SourceDate "2014.08.29"]

1. d4 Nf6 2. Nf3 g6 3. Bf4 d6 4. Nc3 Bg7 5. e4 c6 6. Be2 Qa5 7. Nd2 Nbd7 8. a3
b5 9. b4 Qb6 10. Nb3 O-O 11. Be3 d5 12. e5 Ne8 13. O-O Nc7 14. f4 f5 15. Bf3
Ne6 16. Nc5 Ndxc5 17. dxc5 Qd8 18. Ne2 Bb7 19. c3 a5 20. Qd2 a4 21. g4 Qe8 22.
Ng3 fxg4 23. Bxg4 Nc7 24. Bd4 e6 25. Qg2 Rd8 26. h4 h5 27. Be2 Kh8 28. Bd3 Rg8
29. Kh2 Rd7 30. Ne2 Bh6 31. Rf3 Rdg7 32. Rg3 Bc8 33. Rg1 Qf7 34. Qf3 Bd7 35.
Rf1 Be8 36. Ng1 Qe7 37. Kh3 Rf8 38. Ne2 Bf7 39. Rfg1 Rfg8 40. Qg2 Qe8 41. Be3
Kh7 42. Nd4 Na6 43. Nf3 Nb8 44. Ng5+ Bxg5 45. Rxg5 Kh8 46. Bd4 Nd7 47. Be2 Qf8
48. Qg3 Be8 49. Kh2 Qf7 50. Bd3 Nf8 51. Qe3 Nh7 52. R5g3 Qe7 53. Kh3 Qf7 54.
R1g2 Nf8 55. f5 gxf5 56. Rxg7 Rxg7 57. Rxg7 Qxg7 58. Bxf5 Bg6 59. Bxg6 Qxg6 60.
Qf3 Nh7 61. Be3 Kg7 1/2-1/2

[Event "36. Copenhagen Open (Politiken Cup)"]
[Site "Elsinore"]
[Date "2014.07.23"]
[Round "4"]
[White "Jorgensen, Alexander Torp"]
[Black "Jensen, Morten Frank"]
[Result "1/2-1/2"]
[WhiteElo "1762"]
[BlackElo "2005"]
[PlyCount "54"]
[EventDate "2014.07.21"]
[EventType "swiss"]
[EventRounds "10"]
[EventCountry "DEN"]
[Source "ChessBase"]
[SourceDate "2014.08.29"]

1. e4 g6 2. d4 Bg7 3. Nc3 c5 4. dxc5 Bxc3+ 5. bxc3 Qa5 6. Qd4 Nf6 7. Qb4 Nc6 8.
Qxa5 Nxa5 9. f3 b6 10. cxb6 axb6 11. Be3 Ba6 12. Bxb6 Bxf1 13. Kxf1 Nc4 14. Bf2
O-O 15. a4 d6 16. Ne2 Ra5 17. Nd4 Rc8 18. Ra2 d5 19. exd5 Nxd5 20. Nb3 Nxc3 21.
Nxa5 Nxa2 22. Nxc4 Rxc4 23. Ke2 Rxc2+ 24. Ke3 Rc4 25. Ra1 Rxa4 26. Kd2 Ra6 27.
Bc5 Nb4 1/2-1/2

[Event "36. Copenhagen Open (Politiken Cup)"]
[Site "Elsinore"]
[Date "2014.07.23"]
[Round "4"]
[White "Karlsson, Ulf"]
[Black "Petersen, Jan"]
[Result "1-0"]
[WhiteElo "1994"]
[BlackElo "1638"]
[PlyCount "63"]
[EventDate "2014.07.21"]
[EventType "swiss"]
[EventRounds "10"]
[EventCountry "DEN"]
[Source "ChessBase"]
[SourceDate "2014.08.29"]

1. e4 c5 2. Nc3 d6 3. g3 Nc6 4. Bg2 g6 5. d3 Bg7 6. f4 e5 7. Nh3 Bxh3 8. Bxh3
exf4 9. Bxf4 Nge7 10. Qd2 a6 11. Rb1 b5 12. a3 b4 13. axb4 cxb4 14. Ne2 d5 15.
Bg2 O-O 16. O-O Qb6+ 17. Kh1 Rad8 18. c3 b3 19. Bg5 f6 20. Be3 Qb5 21. exd5 Ne5
22. c4 Qd7 23. Nf4 Rfe8 24. Ne6 Rb8 25. Nxg7 Kxg7 26. Bh6+ Kf7 27. Bf4 Kg7 28.
Qc3 Nc8 29. d4 Ng4 30. Bxb8 Re2 31. Qf3 Qe7 32. Qxg4 1-0

[Event "36. Copenhagen Open (Politiken Cup)"]
[Site "Elsinore"]
[Date "2014.07.23"]
[Round "4"]
[White "Keen, Cosima C"]
[Black "Jensen, Michael Agermose"]
[Result "0-1"]
[WhiteElo "1729"]
[BlackElo "2011"]
[PlyCount "48"]
[EventDate "2014.07.21"]
[EventType "swiss"]
[EventRounds "10"]
[EventCountry "DEN"]
[Source "ChessBase"]
[SourceDate "2014.08.29"]

1. d4 f5 2. Nf3 Nf6 3. g3 g6 4. Bg2 Bg7 5. c4 O-O 6. O-O d6 7. Nc3 Nc6 8. e3 e5
9. dxe5 dxe5 10. e4 Qe7 11. Bg5 Qf7 12. Qe2 Be6 13. b3 Nd4 14. Qd3 fxe4 15.
Nxe4 Nxe4 16. Nxe5 Bxe5 17. Qxe4 Nf3+ 18. Bxf3 Bxa1 19. Qxe6 Qxe6 20. Bd5 Qxd5
21. cxd5 Bd4 22. d6 cxd6 23. Be7 Rf7 24. Bxd6 Rc8 0-1

[Event "36. Copenhagen Open (Politiken Cup)"]
[Site "Elsinore"]
[Date "2014.07.23"]
[Round "4"]
[White "Kistrup, Nicolai"]
[Black "Quiroga, Walter Gonzalo"]
[Result "1-0"]
[WhiteElo "1786"]
[BlackElo "1553"]
[PlyCount "89"]
[EventDate "2014.07.21"]
[EventType "swiss"]
[EventRounds "10"]
[EventCountry "DEN"]
[Source "ChessBase"]
[SourceDate "2014.08.29"]

1. d4 d5 2. Nf3 Nf6 3. c4 c6 4. Nc3 e6 5. cxd5 exd5 6. Bg5 Be7 7. Qc2 Nbd7 8.
e3 O-O 9. Bd3 Re8 10. O-O h6 11. Bh4 Nf8 12. Ne5 Ng4 13. Bxe7 Qxe7 14. Nxg4
Bxg4 15. Rab1 Qg5 16. Kh1 h5 17. f3 Bd7 18. e4 h4 19. f4 Qf6 20. e5 Qh6 21.
Rbe1 h3 22. g3 Bg4 23. Qf2 f5 24. Nd1 Ne6 25. Ne3 Qh5 26. Nxg4 Qxg4 27. Be2 Qg6
28. g4 Rf8 29. g5 Kf7 30. b4 Rh8 31. Rg1 Ke7 32. Qe3 Qh7 33. b5 Qh4 34. Qa3+
Kd7 35. Qd6+ Ke8 36. Qxe6+ Kd8 37. Ref1 g6 38. bxc6 Qh7 39. Qxd5+ Ke8 40. cxb7
Rb8 41. Bb5+ Kf8 42. Qd6+ Qe7 43. Qxb8+ Kg7 44. Qxh8+ Kxh8 45. b8=Q+ 1-0

[Event "36. Copenhagen Open (Politiken Cup)"]
[Site "Elsinore"]
[Date "2014.07.23"]
[Round "4"]
[White "Koepke, Christian"]
[Black "Lofgren, Claes"]
[Result "1-0"]
[WhiteElo "2322"]
[BlackElo "2109"]
[PlyCount "68"]
[EventDate "2014.07.21"]
[EventType "swiss"]
[EventRounds "10"]
[EventCountry "DEN"]
[Source "ChessBase"]
[SourceDate "2014.08.29"]

1. e4 c5 2. Nf3 e6 3. d4 cxd4 4. Nxd4 a6 5. Bd3 Bc5 6. Nb3 Be7 7. Qg4 Nf6 8.
Qxg7 Rg8 9. Qh6 Nc6 10. O-O b5 11. Nc3 Bb7 12. f3 Ne5 13. Bf4 Rg6 14. Qh3 Qb6+
15. Kh1 Nxd3 16. cxd3 d6 17. Rac1 e5 18. Bd2 Bc8 19. Qh4 b4 20. Nd1 a5 21. Qe1
Ba6 22. Be3 Qb5 23. Nf2 Kd7 24. Qd1 Rag8 25. a4 bxa3 26. bxa3 Rxg2 27. a4 Qb8
28. Qc2 Ke6 29. Qa2 Kd7 30. Qc2 Ke6 31. Nxa5 Nd7 32. Qa2+ Kf6 33. Ng4+ R8xg4
34. fxg4+ Kg7 1-0

[Event "36. Copenhagen Open (Politiken Cup)"]
[Site "Elsinore"]
[Date "2014.07.23"]
[Round "4"]
[White "Koetz, Andreas"]
[Black "Liedbeck, Patrik"]
[Result "1/2-1/2"]
[WhiteElo "2031"]
[BlackElo "1858"]
[PlyCount "58"]
[EventDate "2014.07.21"]
[EventType "swiss"]
[EventRounds "10"]
[EventCountry "DEN"]
[Source "ChessBase"]
[SourceDate "2014.08.29"]

1. d4 d5 2. c4 c6 3. Nf3 Nf6 4. e3 e6 5. b3 Nbd7 6. Bd3 b6 7. O-O Be7 8. Bb2
Bb7 9. Ne5 Nxe5 10. dxe5 Nd7 11. f4 Nc5 12. Bc2 dxc4 13. Nd2 cxb3 14. axb3 Ba6
15. Rf3 Bd3 16. Bd4 Bxc2 17. Qxc2 Qd7 18. Nc4 O-O 19. Rh3 g6 20. g4 Qd5 21. g5
Qe4 22. Qf2 Nxb3 23. Nd6 Bxd6 24. Qh4 h5 25. gxh6 Kh7 26. Qf6 Rg8 27. Qxf7+ Kh8
28. exd6+ Nxd4 29. Qf6+ Kh7 1/2-1/2

[Event "36. Copenhagen Open (Politiken Cup)"]
[Site "Elsinore"]
[Date "2014.07.23"]
[Round "4"]
[White "Kristiansen, Jens"]
[Black "Haubro, Martin"]
[Result "0-1"]
[WhiteElo "2412"]
[BlackElo "2224"]
[PlyCount "64"]
[EventDate "2014.07.21"]
[EventType "swiss"]
[EventRounds "10"]
[EventCountry "DEN"]
[Source "ChessBase"]
[SourceDate "2014.08.29"]

1. d4 Nf6 2. c4 c5 3. d5 e6 4. Nc3 exd5 5. cxd5 d6 6. e4 g6 7. f4 Bg7 8. Bb5+
Nfd7 9. a4 Qh4+ 10. Kf1 O-O 11. Nf3 Qe7 12. Kf2 Bxc3 13. bxc3 Nf6 14. Re1 Nxe4+
15. Kg1 f5 16. Ng5 Nd7 17. Bd3 Ndf6 18. c4 h6 19. Nxe4 fxe4 20. Bb2 Bf5 21. Qd2
Rae8 22. Qc3 Kh7 23. Bc2 Nh5 24. Re3 Nxf4 25. Rae1 Qf7 26. Rf1 Nxg2 27. Rg3 Nh4
28. Rf4 Nf3+ 29. Rfxf3 exf3 30. Bxf5 f2+ 31. Kf1 Re1+ 32. Kxf2 Qxf5+ 0-1

[Event "36. Copenhagen Open (Politiken Cup)"]
[Site "Elsinore"]
[Date "2014.07.23"]
[Round "4"]
[White "Lauridsen, Jesper Morch"]
[Black "Jensen, Thore Nyboe"]
[Result "1-0"]
[WhiteElo "2244"]
[BlackElo "2058"]
[PlyCount "39"]
[EventDate "2014.07.21"]
[EventType "swiss"]
[EventRounds "10"]
[EventCountry "DEN"]
[Source "ChessBase"]
[SourceDate "2014.08.29"]

1. e4 e6 2. d4 d5 3. exd5 exd5 4. Nf3 Bd6 5. c4 c6 6. Nc3 Ne7 7. Bg5 O-O 8.
cxd5 cxd5 9. Bd3 f6 10. Be3 Nbc6 11. h3 f5 12. Bg5 h6 13. Bxe7 Nxe7 14. O-O f4
15. Re1 Bc7 16. Qb3 Kh8 17. Nh4 Rf6 18. Rxe7 Rb6 19. Rae1 Bf5 20. Qa4 1-0

[Event "36. Copenhagen Open (Politiken Cup)"]
[Site "Elsinore"]
[Date "2014.07.23"]
[Round "4"]
[White "Lauritsen, Martin Lee"]
[Black "Jogvansson, Hjalti Toftum"]
[Result "0-1"]
[WhiteElo "2143"]
[BlackElo "1944"]
[PlyCount "56"]
[EventDate "2014.07.21"]
[EventType "swiss"]
[EventRounds "10"]
[EventCountry "DEN"]
[Source "ChessBase"]
[SourceDate "2014.08.29"]

1. e4 d5 2. exd5 Qxd5 3. Nc3 Qa5 4. d4 Nf6 5. Bc4 Bf5 6. Nf3 e6 7. Bd2 c6 8.
Qe2 Qc7 9. Ne5 Nbd7 10. Bf4 Bd6 11. O-O-O Nb6 12. Bb3 O-O-O 13. Bg3 Rhe8 14. f3
Nh5 15. Ne4 Bxe4 16. Qxe4 f6 17. Nd3 Bxg3 18. hxg3 Nxg3 19. Bxe6+ Kb8 20. Qg4
Rxd4 21. f4 Nxh1 22. Rxh1 h6 23. Qh3 Nd5 24. g3 Qd6 25. f5 Rd8 26. a3 Ne3 27.
Bb3 Rxd3 28. cxd3 Qxd3 0-1

[Event "36. Copenhagen Open (Politiken Cup)"]
[Site "Elsinore"]
[Date "2014.07.23"]
[Round "4"]
[White "Leite, Steinar"]
[Black "Jensen, Soren Holm"]
[Result "1/2-1/2"]
[WhiteElo "1760"]
[BlackElo "1975"]
[PlyCount "79"]
[EventDate "2014.07.21"]
[EventType "swiss"]
[EventRounds "10"]
[EventCountry "DEN"]
[Source "ChessBase"]
[SourceDate "2014.08.29"]

1. e4 e5 2. f4 exf4 3. Nf3 d6 4. Bc4 h6 5. d4 g5 6. Nc3 Bg7 7. O-O Nc6 8. d5
Ne5 9. Nxe5 Bxe5 10. Bb5+ Bd7 11. Qd3 a6 12. Bxd7+ Qxd7 13. Ne2 Ne7 14. Bd2 O-O
15. Bc3 Ng6 16. Rae1 Rae8 17. Bd4 f5 18. Qh3 Qg7 19. Bxe5 dxe5 20. exf5 Ne7 21.
g4 Nxd5 22. Qb3 c6 23. Rd1 Qf7 24. Qh3 Kg7 25. c4 Ne3 26. Rd6 Rh8 27. Rg6+ Kf8
28. Rxh6 Rxh6 29. Qxh6+ Qg7 30. Qd6+ Kg8 31. Rf3 Nxg4 32. Rb3 Ne3 33. Rxe3 fxe3
34. Ng3 Qf7 35. Ne4 Rf8 36. f6 g4 37. Qxe5 Qg6 38. Qe6+ Kh8 39. Qe5 Kg8 40.
Qe6+ 1/2-1/2

[Event "36. Copenhagen Open (Politiken Cup)"]
[Site "Elsinore"]
[Date "2014.07.23"]
[Round "4"]
[White "Leutwyler, Martin"]
[Black "Astrom, Lars"]
[Result "1/2-1/2"]
[WhiteElo "2190"]
[BlackElo "1939"]
[PlyCount "219"]
[EventDate "2014.07.21"]
[EventType "swiss"]
[EventRounds "10"]
[EventCountry "DEN"]
[Source "ChessBase"]
[SourceDate "2014.08.29"]

1. d4 d5 2. c4 c6 3. Nf3 Nf6 4. e3 Bf5 5. Nc3 e6 6. Nh4 Bg6 7. Nxg6 hxg6 8. a3
Bd6 9. g3 Nbd7 10. b3 Qc7 11. Bg2 O-O 12. O-O Rac8 13. Bd2 Qb8 14. c5 Be7 15.
f4 b6 16. b4 a5 17. g4 axb4 18. axb4 Qb7 19. g5 Nh7 20. h4 Ra8 21. Rb1 Ra3 22.
e4 Rb8 23. f5 gxf5 24. exf5 exf5 25. b5 Rxc3 26. bxc6 Qxc6 27. Bxc3 bxc5 28.
Rxb8+ Nxb8 29. Rxf5 Qe6 30. Re5 Qd6 31. Rxd5 Qc7 32. dxc5 Bxc5+ 33. Bd4 Nd7 34.
Bxc5 Nxc5 35. Qc2 Ne6 36. Qxc7 Nxc7 37. Ra5 Nf8 38. Kf2 Nce6 39. Kg3 Nd7 40.
Bh3 Ndf8 41. Kf3 Nd4+ 42. Ke4 Nde6 43. Bxe6 Nxe6 44. Ke5 Kh7 45. Ra6 Nf8 46. h5
f6+ 47. Kf5 fxg5 48. Kxg5 Kg8 49. Kf5 Kf7 50. Ra7+ Kg8 51. Ke5 Kh7 52. Rf7 Kg8
53. Re7 Kh7 54. Rf7 Kg8 55. Rb7 Kh7 56. Kf5 Kg8 57. Rb8 Kf7 58. Rb7+ Kg8 59. h6
gxh6 60. Kf6 Nh7+ 61. Kg6 Nf8+ 62. Kxh6 Ne6 63. Re7 Nf8 64. Rg7+ Kh8 65. Rg1
Nh7 66. Rg6 Nf8 67. Rg3 Nh7 68. Ra3 Nf8 69. Ra7 Kg8 70. Kg5 Nh7+ 71. Kg6 Nf8+
72. Kf5 Nh7 73. Rb7 Nf8 74. Rb8 Kf7 75. Rb7+ Kg8 76. Kf6 Nh7+ 77. Kg6 Nf8+ 78.
Kh6 Ne6 79. Re7 Nf8 80. Rg7+ Kh8 81. Rg2 Nh7 82. Rg4 Nf8 83. Rg7 Ne6 84. Rd7
Kg8 85. Re7 Nf8 86. Kg5 Nh7+ 87. Kf5 Nf8 88. Rb7 Nh7 89. Ke6 Nf8+ 90. Ke7 Kg7
91. Ke8+ Kg8 92. Rb1 Ng6 93. Rb7 Nf8 94. Rf7 Ng6 95. Rf1 Kg7 96. Rf5 Nh4 97.
Rf1 Ng6 98. Kd7 Nf8+ 99. Ke7 Ng6+ 100. Ke6 Nf8+ 101. Kf5 Kf7 102. Ra1 Kg7 103.
Ra8 Kf7 104. Rb8 Kg7 105. Rb7+ Kg8 106. Kf6 Nh7+ 107. Kg6 Nf8+ 108. Kh6 Ne6
109. Re7 Nf8 110. Rg7+ 1/2-1/2

[Event "36. Copenhagen Open (Politiken Cup)"]
[Site "Elsinore"]
[Date "2014.07.23"]
[Round "4"]
[White "Levushkina, Elena"]
[Black "Tleptsok, Ruslan"]
[Result "1/2-1/2"]
[WhiteElo "2310"]
[BlackElo "2212"]
[PlyCount "119"]
[EventDate "2014.07.21"]
[EventType "swiss"]
[EventRounds "10"]
[EventCountry "DEN"]
[Source "ChessBase"]
[SourceDate "2014.08.29"]

1. e4 e5 2. Nc3 Nf6 3. g3 d5 4. exd5 Nxd5 5. Bg2 Nxc3 6. bxc3 Bd6 7. Nf3 Nc6 8.
O-O O-O 9. d4 Bg4 10. Qd3 h6 11. Rb1 Re8 12. dxe5 Nxe5 13. Nxe5 Bxe5 14. Bxb7
Rb8 15. Qxd8 Rbxd8 16. Be3 Bxc3 17. Rb3 Bd4 18. Bxd4 Rxd4 19. Rc3 Bh3 20. Bg2
Bxg2 21. Kxg2 Ra4 22. a3 Re6 23. Rd1 Rd6 24. Re1 Re6 25. Rxe6 fxe6 26. Kf3 Kh7
27. Ke2 Kg6 28. Kd2 Kf6 29. Kc1 c6 30. Kb2 Ra6 31. Kb3 Rb6+ 32. Kc4 Rb5 33. a4
Rh5 34. h4 Rf5 35. f3 Ke7 36. Rd3 g5 37. hxg5 hxg5 38. Kb4 Re5 39. c4 a5+ 40.
Kc3 Re1 41. Kd4 Ra1 42. Kc5 Rxa4 43. Rb3 Ra1 44. Kxc6 a4 45. Rb7+ Kf6 46. Ra7
a3 47. c5 a2 48. Ra8 Ke5 49. Kc7 Kd4 50. c6 Ke3 51. Ra3+ Kf2 52. f4 g4 53. Kc8
Rc1 54. Rxa2+ Kxg3 55. Kd7 Kxf4 56. Rf2+ Ke3 57. Rf6 e5 58. c7 Rxc7+ 59. Kxc7
g3 60. Kd6 1/2-1/2

[Event "36. Copenhagen Open (Politiken Cup)"]
[Site "Elsinore"]
[Date "2014.07.23"]
[Round "4"]
[White "Lien, Kjell Hakon"]
[Black "Saltvedt, Martin"]
[Result "1-0"]
[WhiteElo "2022"]
[BlackElo "1779"]
[PlyCount "89"]
[EventDate "2014.07.21"]
[EventType "swiss"]
[EventRounds "10"]
[EventCountry "DEN"]
[Source "ChessBase"]
[SourceDate "2014.08.29"]

1. c4 Nf6 2. g3 c6 3. Bg2 d5 4. b3 g6 5. Bb2 Bg7 6. Nf3 O-O 7. O-O Nbd7 8. d4
Re8 9. Nc3 a6 10. Nd2 Nb6 11. e4 dxe4 12. Ndxe4 Nxe4 13. Nxe4 Bf5 14. f4 Qc7
15. Qe2 Rad8 16. Rad1 Nc8 17. Nf2 h5 18. Rfe1 Nd6 19. Rd2 b5 20. c5 Nb7 21. b4
Be6 22. a3 Bd5 23. f5 Bxg2 24. Kxg2 Rd5 25. fxg6 fxg6 26. Qe6+ Kh7 27. Nh3 Nd8
28. Qe4 Nf7 29. Rf2 Nh6 30. Nf4 Rf5 31. Ne6 Rxf2+ 32. Kxf2 Qd7 33. Nxg7 Rf8+
34. Kg2 Kxg7 35. d5+ Kh7 36. Qxe7+ Rf7 37. Qxd7 Rxd7 38. dxc6 Rc7 39. Bf6 Nf5
40. Re6 Kg8 41. Be5 Re7 42. c7 Rxe6 43. c8=Q+ Kf7 44. Bf4 Ne7 45. Qd7 1-0

[Event "36. Copenhagen Open (Politiken Cup)"]
[Site "Elsinore"]
[Date "2014.07.23"]
[Round "4"]
[White "Lindblom, Roar"]
[Black "Kovshoj, Sune"]
[Result "1/2-1/2"]
[WhiteElo "1865"]
[BlackElo "2086"]
[PlyCount "92"]
[EventDate "2014.07.21"]
[EventType "swiss"]
[EventRounds "10"]
[EventCountry "DEN"]
[Source "ChessBase"]
[SourceDate "2014.08.29"]

1. d4 Nf6 2. c4 e6 3. Nf3 c5 4. d5 exd5 5. cxd5 d6 6. Nc3 g6 7. e4 Bg7 8. Be2
a6 9. a4 O-O 10. O-O Re8 11. Qc2 Bg4 12. Bg5 Bxf3 13. Bxf3 Nbd7 14. Rfe1 Rb8
15. Be2 Qc7 16. f3 c4 17. a5 Qc5+ 18. Kh1 Rec8 19. Bd2 b5 20. axb6 Qxb6 21. Na4
Qb5 22. Bc3 Bh6 23. g3 Ne5 24. f4 Ned7 25. Bf3 Bg7 26. Qd2 Ne8 27. e5 Nb6 28.
Nxb6 Qxb6 29. e6 fxe6 30. dxe6 Bxc3 31. bxc3 Rc5 32. Bd5 Qb5 33. Rab1 Qxb1 34.
Rxb1 Rxb1+ 35. Kg2 Rbb5 36. Bf3 a5 37. f5 a4 38. fxg6 hxg6 39. Qh6 Rb2+ 40. Kh3
Ng7 41. Qxg6 Re5 42. Bg4 a3 43. Qf7+ Kh8 44. e7 a2 45. Be6 Rxe6 46. Qxe6 a1=Q
1/2-1/2